Top 10 Estados de EE. UU. por Área - Estadísticas

Estadísticas generales
  • Esta prueba ha sido intentada 206 veces
  • La puntuación promedio es 8 de 10
Estadísticas de respuestas
mi2 Estado % Correcto
261,232 Texas
100%
155,779 California
98%
570,641 Alaska
96%
103,642 Colorado
85%
109,781 Nevada
85%
121,298 Nuevo México
84%
113,594 Arizona
77%
145,546 Montana
77%
95,988 Oregón
72%
97,093 Wyoming
68%
No se encontraron pruebas coincidentes
Distribución de puntuación
Porcentaje de gente con cada puntuación
Porcentaje por número respondido
Historial de tus puntuaciones
No has intentado esta prueba.